[Event "Let's Play Chess!"]
[Site "http://www.queenalice.com/game.php?id=1386042"]
[Date "2015.9.29"]
[Round "-"]
[White "Erlofabr"]
[Black "bgbd1992"]
[Result "0-1"]
[WhiteElo "1575"]
[BlackElo "2256"]

1. e4 c5 2. d4 cxd4 3. Bc4 Nc6 4. Nf3 e6 5. O-O Bc5 6. Bg5 Nge7 7. a3 a6 8. Qd3
b5 9. Bh4 bxc4 10. Qxc4 Qb6 11. b4 Bd6 12. c3 dxc3 13. Qxc3 O-O 14. e5 Nd5 15.
Qc4 Nxe5 16. Nxe5 Bxe5 17. Ra2 Bb7 18. Re1 Qd6 19. g3 Nb6 20. Qg4 Qd5 21. f3
Qxa2 22. f4 Qg2# 0-1

[Event "Let's Play Chess!"]
[Site "http://www.queenalice.com/game.php?id=1386060"]
[Date "2015.9.29"]
[Round "-"]
[White "paolop69"]
[Black "bgbd1992"]
[Result "0-1"]
[WhiteElo "1754"]
[BlackElo "2256"]

1. e4 c6 2. c3 d5 3. d3 dxe4 4. dxe4 Qxd1+ 5. Kxd1 e5 6. Kc2 Nf6 7. f3 Be6 8.
Be3 Be7 9. Nd2 Nbd7 10. Bc4 Bxc4 11. Nxc4 O-O 12. Ne2 b5 13. Na5 Rfc8 14. Rhd1
c5 15. Rac1 Rab8 16. Kb1 c4 17. a3 Nc5 18. Bxc5 Bxc5 19. Rc2 Be3 20. Ka2 Kf8 21.
g4 h6 22. h3 Rd8 23. Rxd8+ Rxd8 24. Nc6 Rd1 25. Ng3 Bf4 26. Nf5 g6 27. Nfe7 Nd7
28. Nd5 Nc5 29. Nxa7 Nb3 0-1

[Event "Let's Play Chess!"]
[Site "http://www.queenalice.com/game.php?id=1386373"]
[Date "2015.9.30"]
[Round "-"]
[White "tucuman"]
[Black "bgbd1992"]
[Result "0-1"]
[WhiteElo "1749"]
[BlackElo "2256"]

1. e4 c5 2. c4 Nc6 3. Nc3 g6 4. d3 Bg7 5. Bd2 e6 6. Nf3 Nge7 7. Be2 O-O 8. O-O
d5 9. exd5 exd5 10. cxd5 Nxd5 11. Qc1 Ndb4 12. Qb1 Bf5 13. Rd1 Nxd3 14. Bxd3
Bxd3 15. Qc1 Nb4 16. a3 Nc2 17. Ra2 c4 18. Bh6 Qb6 19. Bxg7 Kxg7 20. Qf4 Rae8
21. h3 Qc5 22. Qh4 h6 23. Qg3 b5 24. a4 b4 25. Nb5 b3 26. Ra3 Nxa3 27. Nxa3 Re2
28. Nd2 Bc2 29. Qc3+ Kg8 30. Nxc2 Qxf2+ 31. Kh1 Qxg2# 0-1

[Event "Let's Play Chess!"]
[Site "http://www.queenalice.com/game.php?id=1387148"]
[Date "2015.10.3"]
[Round "-"]
[White "charles31"]
[Black "bgbd1992"]
[Result "0-1"]
[WhiteElo "1706"]
[BlackElo "2256"]

1. g3 d5 2. d4 c6 3. Bg2 Nf6 4. Nc3 Bf5 5. e3 e6 6. h3 Bb4 7. Bd2 O-O 8. h4 h6
9. f3 Nbd7 10. g4 Bh7 11. g5 hxg5 12. hxg5 Ne8 13. f4 Bg6 14. a3 Be7 15. Qg4 f5
16. gxf6 Rxf6 17. O-O-O Bf5 18. Qh5 Rh6 19. Qf3 Rxh1 20. Bxh1 Nef6 21. Nh3 Bg4
22. Qg3 Bxd1 23. Kxd1 Nh5 24. Qg4 Qe8 25. Bf3 Ndf6 26. Qxe6+ Qf7 27. Qf5 Ng3 28.
Qg5 Nfe4 29. Nxe4 Bxg5 30. Nhxg5 dxe4 31. Nxf7 exf3 32. Ke1 Kxf7 33. Kf2 Ne4+
34. Kxf3 Nxd2+ 35. Ke2 Nc4 0-1

[Event "Let's Play Chess!"]
[Site "http://www.queenalice.com/game.php?id=1387149"]
[Date "2015.10.3"]
[Round "-"]
[White "bgbd1992"]
[Black "charles31"]
[Result "1-0"]
[WhiteElo "2256"]
[BlackElo "1774"]

1. e4 e5 2. Nf3 d6 3. d4 exd4 4. Nxd4 h6 5. Nc3 Be6 6. Nxe6 fxe6 7. Qh5+ Kd7 8.
Qb5+ Nc6 9. Qxb7 Rb8 10. Qa6 Rb6 11. Qa4 Qf6 12. Bb5 Ne7 13. Be3 Rb7 14. O-O-O
g5 15. Rhe1 Bg7 16. e5 Qxe5 17. Bd4 Qf4+ 18. Kb1 Bxd4 19. Rxd4 Qxh2 20. Ne4 e5
21. Nc5+ Kc8 22. Bxc6 Nxc6 23. Qxc6 Rb6 24. Qa8+ Rb8 25. Qxa7 dxc5 26. Qa6+ Rb7
27. Rd3 Qxg2 28. Qa8+ 1-0

[Event "Let's Play Chess!"]
[Site "http://www.queenalice.com/game.php?id=1387247"]
[Date "2015.10.4"]
[Round "-"]
[White "bgbd1992"]
[Black "paolop69"]
[Result "1-0"]
[WhiteElo "2256"]
[BlackElo "1767"]

1. e4 e5 2. Nf3 d6 3. d4 Nd7 4. d5 h6 5. Bb5 a6 6. Bd3 Nc5 7. Nc3 Be7 8. Be3 b5
9. Bxc5 dxc5 10. Nxe5 Qd6 11. Nc6 c4 12. Be2 Bd7 13. Nxe7 Nxe7 14. O-O Ng6 15.
Qd4 f6 16. Bh5 Kf7 17. f4 f5 18. e5 Qb6 19. Qxb6 cxb6 20. e6+ Bxe6 21. dxe6+
Kxe6 22. Bxg6 Kf6 23. Bh5 Rhd8 24. Bf3 Rab8 25. Rfe1 Re8 26. Rxe8 Rxe8 27. Nd5+
Kg6 28. Kf2 Rd8 29. Re1 Rd6 30. Nc7 Rd2+ 31. Re2 Rd4 32. Re6+ Kh7 33. Bh5 Rd2+
34. Ke3 Rxg2 35. Bg6+ Rxg6 36. Rxg6 Kxg6 37. Nxa6 Kf6 38. Nc7 g5 39. Nxb5 g4 40.
Nd6 c3 41. b4 h5 42. a4 h4 43. a5 bxa5 44. bxa5 g3 45. hxg3 h3 46. Kf2 1-0

[Event "AUTO-ADV-3468"]
[Site "http://www.queenalice.com/game.php?id=1388875"]
[Date "2015.10.12"]
[Round "2"]
[White "bgbd1992"]
[Black "Spessatto"]
[Result "1-0"]
[WhiteElo "2256"]
[BlackElo "2002"]

1. e4 e5 2. Nf3 Nc6 3. Bb5 Nge7 4. O-O a6 5. Ba4 b5 6. Bb3 Ng6 7. c3 Bc5 8. d4
exd4 9. cxd4 Ba7 10. Bg5 Nce7 11. Re1 O-O 12. Nc3 h6 13. Be3 Kh8 14. Qd2 d6 15.
Bxh6 Bg4 16. Be3 Nc6 17. Ng5 Qf6 18. Bd5 Nce7 19. Bxa8 Rxa8 20. e5 Qf5 21. f3
Bxf3 22. Nxf3 Qh5 23. exd6 cxd6 24. Ne4 Nf5 25. Rac1 Nxe3 26. Qxe3 Qd5 27. Neg5
Qxa2 28. Qe8+ 1-0

[Event "AUTO-ADV-3468"]
[Site "http://www.queenalice.com/game.php?id=1388876"]
[Date "2015.10.12"]
[Round "2"]
[White "Spessatto"]
[Black "bgbd1992"]
[Result "0-1"]
[WhiteElo "2047"]
[BlackElo "2263"]

1. d4 Nf6 2. h3 d5 3. Nf3 e6 4. Bf4 c5 5. e3 Nc6 6. c3 Bd6 7. Ne5 Bxe5 8. Bxe5
Nxe5 9. dxe5 Nd7 10. Qg4 O-O 11. Qg3 c4 12. Nd2 Qc7 13. Be2 Qxe5 14. Qh4 Nf6 15.
Nf3 Qe4 16. Qg3 Qc2 17. Nd4 Qxb2 18. O-O Ne4 19. Qh4 Nxc3 20. Bf3 Qb6 21. Rfc1
Na4 22. Qe7 Qc5 23. Qg5 Bd7 24. Rab1 Nb6 25. Bg4 Rab8 26. Nb3 Qd6 27. Nd4 Na4
28. Nb5 Bxb5 29. Rxb5 Qa6 30. Rb4 Nc5 31. Ra1 Nb3 32. Rb1 Qxa2 33. Rf1 Qa5 34.
Qe7 Rfe8 35. Qd6 Rbd8 0-1

[Event "AUTO-ADV-3468"]
[Site "http://www.queenalice.com/game.php?id=1388877"]
[Date "2015.10.12"]
[Round "2"]
[White "bgbd1992"]
[Black "clovis"]
[Result "1-0"]
[WhiteElo "2256"]
[BlackElo "2058"]

1. e4 e5 2. Nf3 Nc6 3. Bb5 f5 4. Nc3 fxe4 5. Nxe4 d5 6. Nxe5 dxe4 7. Nxc6 Qd5 8.
c4 Qd6 9. Nxa7+ c6 10. Nxc8 Rxc8 11. Ba4 Qd4 12. Qe2 Rd8 13. Bc2 Nf6 14. O-O Bc5
15. d3 O-O 16. Be3 exd3 17. Bxd3 Qxd3 18. Qxd3 Rxd3 19. Bxc5 Rf7 20. Rfd1 Rfd7
21. Rxd3 Rxd3 22. f3 Rd2 23. b3 Nh5 24. g3 Nf6 25. Bf2 Nd7 26. Be3 Re2 27. Bf4
g5 28. Rd1 Nb6 29. Bc7 1-0

[Event "AUTO-ADV-3468"]
[Site "http://www.queenalice.com/game.php?id=1388878"]
[Date "2015.10.12"]
[Round "2"]
[White "clovis"]
[Black "bgbd1992"]
[Result "1/2-1/2"]
[WhiteElo "2058"]
[BlackElo "2266"]

1. e4 c5 2. Nf3 d6 3. d4 cxd4 4. Qxd4 Nc6 5. Bb5 Bd7 6. Qd3 Nf6 7. O-O g6 8. Nc3
Bg7 9. Bg5 O-O 10. Rad1 a6 11. Ba4 b5 12. Bb3 b4 13. Nd5 Nxd5 14. Bxd5 Bxb2 15.
Qb3 Bc3 16. Bh6 Na5 17. Qb1 Re8 18. Bxa8 Qxa8 19. e5 Bg4 20. exd6 exd6 21. Rxd6
Bxf3 22. gxf3 Qxf3 23. Qd1 Qh3 24. Qe2 Qxh6 25. Qxe8+ Kg7 26. Rd3 Nc4 27. Qe4
Nd2 28. Qe3 Qh5 29. Rxd2 Bxd2 30. Qxd2 Qg4+ 31. Kh1 Qf3+ 32. Kg1 1/2-1/2

[Event "Let's Play Chess!"]
[Site "http://www.queenalice.com/game.php?id=1389177"]
[Date "2015.10.14"]
[Round "-"]
[White "lfsantanna"]
[Black "bgbd1992"]
[Result "0-1"]
[WhiteElo "1672"]
[BlackElo "2270"]

1. e4 c5 2. Nf3 d6 3. Nc3 Nf6 4. d4 cxd4 5. Nxd4 a6 6. Be2 e5 7. Nf3 Be7 8. O-O
O-O 9. h3 b5 10. Bg5 Bb7 11. Bxf6 Bxf6 12. a3 Qc7 0-1

[Event "Let's Play Chess!"]
[Site "http://www.queenalice.com/game.php?id=1389178"]
[Date "2015.10.14"]
[Round "-"]
[White "bgbd1992"]
[Black "lfsantanna"]
[Result "1-0"]
[WhiteElo "2270"]
[BlackElo "1672"]

1. e4 e5 2. Nf3 Nc6 3. Bb5 a6 4. Ba4 Nf6 5. O-O d6 6. Re1 Be7 7. c3 O-O 8. h3 b5
9. Bc2 Bb7 10. d4 Na5 11. dxe5 dxe5 12. Qxd8 1-0

[Event "Let's Play Chess!"]
[Site "http://www.queenalice.com/game.php?id=1392954"]
[Date "2015.11.7"]
[Round "-"]
[White "bgbd1992"]
[Black "charles31"]
[Result "1-0"]
[WhiteElo "2274"]
[BlackElo "1679"]

1. e4 e5 2. Nf3 d6 3. d4 exd4 4. Nxd4 h6 5. Nc3 Nf6 6. Bc4 a6 7. a4 Bd7 8. O-O
Nc6 9. Be3 Be7 10. f3 Nxd4 11. Qxd4 Bc6 12. Rad1 Qd7 13. e5 dxe5 14. Qxe5 Qc8
15. Bc5 O-O 16. Qxe7 Re8 17. Qxf7+ Kh8 18. Be7 Ng8 19. Bh4 Rf8 20. Qg6 Ne7 21.
Bxe7 Rf6 22. Bxf6 gxf6 23. Qxh6# 1-0

[Event "Let's Play Chess!"]
[Site "http://www.queenalice.com/game.php?id=1392955"]
[Date "2015.11.7"]
[Round "-"]
[White "charles31"]
[Black "bgbd1992"]
[Result "0-1"]
[WhiteElo "1681"]
[BlackElo "2273"]

1. d4 Nf6 2. Nc3 e6 3. e4 d5 4. e5 Nfd7 5. a3 a6 6. Nh3 c5 7. dxc5 Bxc5 8. Bg5
Qc7 9. Qe2 Nc6 10. f4 b5 11. a4 Qa5 12. Qd3 d4 13. Kd2 dxc3+ 14. bxc3 Nb6 15.
Be2 Nc4+ 16. Ke1 Ra7 17. Qe4 Qxc3+ 0-1

[Event "Let's Play Chess!"]
[Site "http://www.queenalice.com/game.php?id=1407937"]
[Date "2016.2.7"]
[Round "-"]
[White "charles31"]
[Black "bgbd1992"]
[Result "0-1"]
[WhiteElo "1788"]
[BlackElo "2284"]

1. d4 Nf6 2. Nc3 e6 3. a3 d5 4. Nf3 Be7 5. Bf4 a6 6. e4 dxe4 7. Ng5 Nd5 8. Nxd5
exd5 9. Nh3 Bxh3 10. gxh3 Bg5 11. Bxg5 Qxg5 12. Qd2 Qxd2+ 13. Kxd2 Nc6 14. c3
O-O 15. Be2 f5 16. b4 f4 17. Rhg1 f3 18. Bf1 Rae8 19. a4 Ne7 20. b5 axb5 21.
Bxb5 c6 22. Bf1 Ra8 23. c4 Ra5 24. c5 Rfa8 25. h4 Rxa4 26. Rxa4 Rxa4 27. Bh3
Rxd4+ 28. Ke3 Rd3+ 29. Kf4 Ng6+ 30. Kg5 Rb3 31. Bc8 Ne5 32. Be6+ Kf8 33. Kf4
Nd3+ 34. Kf5 Nxc5 35. Bc8 Rb2 0-1

[Event "Let's Play Chess!"]
[Site "http://www.queenalice.com/game.php?id=1407938"]
[Date "2016.2.7"]
[Round "-"]
[White "bgbd1992"]
[Black "charles31"]
[Result "1-0"]
[WhiteElo "2283"]
[BlackElo "1790"]

1. e4 e5 2. Nf3 a6 3. d4 exd4 4. Nxd4 Bb4+ 5. c3 Bc5 6. Bc4 Bxd4 7. cxd4 d6 8.
Nc3 h6 9. O-O Nf6 10. e5 dxe5 11. dxe5 Nh7 12. Qxd8+ Kxd8 13. Bxf7 Ke7 14. Bg6
Nf8 15. Be4 c6 16. Be3 Be6 17. Bc5+ Kf7 18. f4 g6 19. f5 gxf5 20. Bxf5 Nbd7 21.
Bd6 Nb6 22. Bg4+ Kg6 23. Bxe6 Nxe6 24. Rf6+ Kh7 25. Rxe6 Rae8 26. Rxe8 Rxe8 27.
Ne4 Nd5 28. Rf1 b6 29. Nf6+ Nxf6 30. exf6 Kg8 31. f7+ 1-0

[Event "Let's Play Chess!"]
[Site "http://www.queenalice.com/game.php?id=1417468"]
[Date "2016.4.9"]
[Round "-"]
[White "christine91"]
[Black "bgbd1992"]
[Result "0-1"]
[WhiteElo "1813"]
[BlackElo "2286"]

1. a3 e5 2. e4 Nf6 3. Nc3 Nc6 4. d3 Bc5 5. Nf3 Ng4 6. Be3 Bxe3 7. fxe3 Nxe3 8.
Qe2 Nxf1 9. Rxf1 d6 10. Nd5 Be6 11. c4 O-O 12. Kf2 Bg4 13. Kg1 Nd4 14. Qf2 Bxf3
15. gxf3 f5 16. b4 fxe4 17. Qe3 Nxf3+ 18. Kh1 Qh4 19. Rf2 c6 20. Nc3 Rf7 21.
Raf1 Raf8 22. Nxe4 Nxh2 23. Kg2 Nxf1 0-1

[Event "Let's Play Chess!"]
[Site "http://www.queenalice.com/game.php?id=1417471"]
[Date "2016.4.9"]
[Round "-"]
[White "bgbd1992"]
[Black "christine91"]
[Result "1-0"]
[WhiteElo "2285"]
[BlackElo "1877"]

1. d4 d5 2. c4 Nf6 3. e3 e6 4. Nf3 Be7 5. Nc3 O-O 6. Be2 Bb4 7. O-O Bxc3 8. bxc3
Nbd7 9. Ba3 Re8 10. Qc2 Ne4 11. Bd3 f5 12. cxd5 exd5 13. c4 c6 14. cxd5 cxd5 15.
Qb3 Ndf6 16. Rfc1 Be6 17. Qxb7 Ng4 18. Rc7 Nef6 19. Rxg7+ Kh8 20. Ng5 Bd7 21.
Nf7+ Kxg7 22. Nxd8 Raxd8 23. Bxf5 1-0